chariots of the gods? (Record no. 8478)

MARC details
000 -LEADER
fixed length control field 01652nam a22001937a 4500
003 - CONTROL NUMBER IDENTIFIER
control field OSt
005 - DATE AND TIME OF LATEST TRANSACTION
control field 20260220084435.0
008 - FIXED-LENGTH DATA ELEMENTS--GENERAL INFORMATION
fixed length control field 260220b |||||||| |||| 00| 0 eng d
040 ## - CATALOGING SOURCE
Original cataloging agency DWCL GS library
Transcribing agency OC
082 ## - DEWEY DECIMAL CLASSIFICATION NUMBER
Classification number Fic. D186c 1969
100 ## - MAIN ENTRY--PERSONAL NAME
Personal name Daniken, Erich Von
245 ## - TITLE STATEMENT
Title chariots of the gods?
Remainder of title : unsolved mysteries of the past
Statement of responsibility, etc. Erich Von Daiken
260 ## - PUBLICATION, DISTRIBUTION, ETC.
Place of publication, distribution, etc. Great, Britain
Name of publisher, distributor, etc. Putnam's Sons
Date of publication, distribution, etc. c1968
300 ## - PHYSICAL DESCRIPTION
Extent 159
Other physical details illustrations
Dimensions 17cm
520 ## - SUMMARY, ETC.
Summary, etc. Did spacemen visit earth thousands of years ago? we now have a proof! Because we find electric batteries many thousands of years old. Because we find strange beings in perfect space suits with platinum fasteners. Because we find numbers with fifteen digits- something not registered by any computer - but how did these early men acquire the ability to create them? Archeology accepts such mysteries as puzzles. And stops cold. Religion relate stories of gods who appeared with promises of a better life, only to use ultra-sophisticated weapons to destroy the people on earth. Now we are actually in a new space age. We have landed on the moon. With our new knowledge, we can re-examine history and begin to solve the puzzles of the past, with the evidence clearly before us of accomplishments and "miracles" impossible to have been achieved by primitive men. What were the fiery chariots that brought "gods" to earth? Could they have been spaceships from one of the billions of starts capable of supporting life long before the earth was cool?
546 ## - LANGUAGE NOTE
Language note English
700 ## - ADDED ENTRY--PERSONAL NAME
Personal name Erich Von Daiken
942 ## - ADDED ENTRY ELEMENTS (KOHA)
Source of classification or shelving scheme Dewey Decimal Classification
Koha item type Fiction
Classification part Fic. D186c 1969
Suppress in OPAC No
952 ## - LOCATION AND ITEM INFORMATION (KOHA)
--
Holdings
Withdrawn status Lost status Source of classification or shelving scheme Damaged status Not for loan Home library Current library Shelving location Date acquired Source of acquisition Total Checkouts Full call number Barcode Date last seen Price effective from Koha item type Uniform Resource Identifier
    Dewey Decimal Classification     Grade School Library Grade School Library Fiction 02/20/2026 School Fund, Donation   Fic. D186c 1969 18405 02/20/2026 02/20/2026 FIC.